Wicked By Any Other Name (No. rekod 1664)
[ format kosong ]
| 000 -LEADER | |
|---|---|
| fixed length control field | 01325nam a22002177a 4500 |
| 003 - CONTROL NUMBER IDENTIFIER | |
| control field | KPN |
| 005 - DATE AND TIME OF LATEST TRANSACTION | |
| control field | 20251105145958.0 |
| 008 - FIXED-LENGTH DATA ELEMENTS--GENERAL INFORMATION | |
| fixed length control field | 20251105b 00| 0 eng d |
| 020 ## - INTERNATIONAL STANDARD BOOK NUMBER | |
| International Standard Book Number | 9781402217739 |
| Qualifying information | paperback |
| 040 ## - CATALOGING SOURCE | |
| Transcribing agency | KPN |
| 082 ## - DEWEY DECIMAL CLASSIFICATION NUMBER | |
| Edition number | 23 |
| Classification number | BI FD WIS 2009 |
| 090 ## - LOCALLY ASSIGNED LC-TYPE CALL NUMBER (OCLC); LOCAL CALL NUMBER (RLIN) | |
| Classification number (OCLC) (R) ; Classification number, CALL (RLIN) (NR) | BI FD WIS 2009 |
| Local cutter number (OCLC) ; Book number/undivided call number, CALL (RLIN) | WIS |
| 100 ## - MAIN ENTRY--PERSONAL NAME | |
| Personal name | Wisdom, Linda |
| Relator term | author |
| 245 ## - TITLE STATEMENT | |
| Title | Wicked By Any Other Name |
| Statement of responsibility, etc. | Linda Wisdom |
| 260 ## - PUBLICATION, DISTRIBUTION, ETC. | |
| Place of publication, distribution, etc. | Naperville, Illinois: |
| Name of publisher, distributor, etc. | Sourcebooks Casablanca, |
| Date of publication, distribution, etc. | 2009 |
| 300 ## - PHYSICAL DESCRIPTION | |
| Extent | 372 pages; |
| Dimensions | 18 cm |
| 500 ## - GENERAL NOTE | |
| General note | Stasi Romanov uses just a little witch magic in her lingerie shop, running a brisk side business in love charms. A disgruntled customer threatening to sue over a failed love spell brings Trevor Barnes to town. Trevor's the best attorney around, and he just happens to be a wizard.<br/><br/>Everyone knows that witches and wizards make a volatile combination—sure enough, the sparks fly and almost everyone's getting singed. Add to that Cupid playing a practical joke, a lunar eclipse that nearly precipitates a witch hunt, and some very mysterious goings on at the magical lake, and the feisty witch and gorgeous wizard have more than simply a possible lawsuit on their hands. Can they overcome their objections and settle out of court—and in the bedroom? |
| 650 ## - SUBJECT ADDED ENTRY--TOPICAL TERM | |
| Source of heading or term | Witches |
| Form subdivision | Fiction |
| Source of heading or term | English fiction |
| 942 ## - ADDED ENTRY ELEMENTS (KOHA) | |
| Source of classification or shelving scheme | |
| Koha item type | Book |
| Suppress in OPAC | No |
| Withdrawn status | Lost status | Source of classification or shelving scheme | Damaged status | Not for loan | Collection code | Home library | Current library | Shelving location | Date acquired | Total Checkouts | Full call number | Barcode | Date last seen | Price effective from | Koha item type |
|---|---|---|---|---|---|---|---|---|---|---|---|---|---|---|---|
| Fiction | Perpustakaan Kementerian Perpaduan Malaysia | Perpustakaan Kementerian Perpaduan Malaysia | Fiction Rack | 05/11/2025 | BI FD WIS 2009 | KPN25110013 | 05/11/2025 | 05/11/2025 | Book |